| 000 | 00462nam a22001457a 4500 | ||
|---|---|---|---|
| 005 | 20240404005626.0 | ||
| 008 | 240215b |||||||| |||| 00| 0 eng d | ||
| 082 |
_222 _a320.54. _bMIC. |
||
| 100 | _aIgnatieff, Michael. | ||
| 245 |
_aNationalism and self - determination: is there an alternative to violence? _cMichael Ignatieff. |
||
| 260 |
_aSri Lanka ., _bInternational Centre for Ethnic Studies, _c2000. |
||
| 300 | _a16, p., | ||
| 650 | _aNationalism | ||
| 942 | _cL | ||
| 999 |
_c400 _d400 |
||